Role local authorities can play in supporting housing supply (Record no. 115093)

MARC details
000 -LEADER
fixed length control field 01164cad a22002175a 4500
001 - CONTROL NUMBER
control field L158037
008 - FIXED-LENGTH DATA ELEMENTS--GENERAL INFORMATION
fixed length control field 140131s2014 xxk f 000 0 eng d
035 ## - SYSTEM CONTROL NUMBER
System control number (Sirsi) u158037
041 0# - LANGUAGE CODE
Language code of text/sound track or separate title eng
110 2# - MAIN ENTRY--CORPORATE NAME
Corporate name or jurisdiction name as entry element United Kingdom
Subordinate unit Department for Communities and Local Government
9 (RLIN) 4939
110 2# - MAIN ENTRY--CORPORATE NAME
Corporate name or jurisdiction name as entry element United Kingdom
Subordinate unit HM Treasury
245 00 - TITLE STATEMENT
Title Role local authorities can play in supporting housing supply
Remainder of title Terms of reference
260 ## - PUBLICATION, DISTRIBUTION, ETC.
Place of publication, distribution, etc. London
Name of publisher, distributor, etc. DCLG
Date of publication, distribution, etc. 2014
520 ## - SUMMARY, ETC.
Summary, etc. Independent and wide ranging review launched into how more social homes can be built. The review will assess if councils are making sufficient use of their existing powers and flexibilities to deliver new social housing. The review will also consider how councils can work more closely with housing associations, housebuilders and businesses to build more new homes.
590 ## - LOCAL NOTE (RLIN)
Local note KA
651 #4 - SUBJECT ADDED ENTRY--GEOGRAPHIC NAME
Geographic name United Kingdom
690 ## - LOCAL SUBJECT ADDED ENTRY--TOPICAL TERM (OCLC, RLIN)
Topical term or geographic name as entry element Residential property
9 (RLIN) 6266
690 ## - LOCAL SUBJECT ADDED ENTRY--TOPICAL TERM (OCLC, RLIN)
Topical term or geographic name as entry element Planning and development
9 (RLIN) 6259
856 40 - ELECTRONIC LOCATION AND ACCESS
Uniform Resource Identifier <a href="https://www.gov.uk/government/uploads/system/uploads/attachment_data/file/276234/140127_Revised_Terms_of_reference.pdf">https://www.gov.uk/government/uploads/system/uploads/attachment_data/file/276234/140127_Revised_Terms_of_reference.pdf</a>
Public note View the item free of charge at www.gov.uk
942 ## - ADDED ENTRY ELEMENTS (KOHA)
Suppress in OPAC 0
Holdings
Withdrawn status Lost status Source of classification or shelving scheme Damaged status Not for loan Home library Current library Shelving location Date acquired Total Checkouts Full call number Barcode Date last seen Copy number Price effective from Koha item type
    Dewey Decimal Classification     Virtual Virtual Online 31/01/2014   ONLINE PUBLICATION 158037-2001 06/08/2019 1 06/08/2019 Book